| 000 | 00775nam a2200205 a 4500 | ||
|---|---|---|---|
| 003 | 0 | ||
| 005 | 20250328112520.0 | ||
| 008 | 071126s19uu xx 00 eng d | ||
| 050 |
_aPHS LB 3609 _b.P37 2007 |
||
| 100 | _aPark, Su Min. | ||
| 245 |
_aLiving arrangements, difficulties and coping mechanisms of Korean upper school students / _cSu Min Park. |
||
| 260 |
_aLas PiƱas City, Philippines : _bSouthville International School and Colleges, _c2007. |
||
| 300 |
_a70 pages : _billustrations ; _c28 cm. |
||
| 504 | _aIncludes bibliographical references. | ||
| 650 |
_aStudents _xLiving arrangements. |
||
| 650 |
_aKorean students _xSocial conditions. |
||
| 650 | _aAdjustment (Psychology) in adolescence. | ||
| 650 | _aCoping mechanisms (Psychology). | ||
| 942 |
_2lcc _cPASS |
||
| 999 |
_c97872 _d97872 |
||